Statistiques concernant 📖 150 premiers mots "Frappe-toi le coeur" (Amélie Nothomb)

Cliquez ici pour prendre le quiz!

Statistiques générales

  • Ce quiz a Ă©tĂ© pris 14 fois
  • Le rĂ©sultat moyen est 91 sur 150

Statistiques - réponses

Mots% Correct
Ă 
100%
Ă€
100%
avait
100%
de
100%
Elle
100%
elle
100%
et
100%
Il ...
100%
il
100%
l'
100%
le
100%
Le
100%
les
100%
n'
100%
ne
100%
on,
100%
on
100%
On
100%
s'
100%
se
100%
Une
100%
une.
100%
une
100%
ce
89%
Ă©tait
89%
la
89%
lĂ ,
89%
pas
89%
qu'
89%
qui
89%
savait
89%
en
78%
aux
67%
lui
67%
Moins
67%
19
56%
ans,
56%
appelait
56%
bien
56%
mais
56%
"Marie",
56%
Marie
56%
Marie,
56%
pour
56%
Quand
56%
rien --
56%
tout
56%
cela
44%
chose.
44%
disait
44%
monde
44%
quelque
44%
son
44%
aimait
33%
assez
33%
connaissait.
33%
faite,
33%
Grande
33%
heure
33%
jolie.
33%
"Place
33%
prénom.
33%
toujours
33%
vécu
33%
ville
33%
ville,
33%
1971.
22%
âge
22%
attendait,
22%
banal
22%
banlieue.
22%
blondeur,
22%
capitale
22%
charmé.
22%
comblait.
22%
croyait,
22%
éclairé
22%
effet.
22%
éloignée
22%
Ă©tudiait
22%
Ă©tudier
22%
existence
22%
fallait
22%
gens
22%
habitait
22%
jeunes",
22%
nom
22%
Paris,
22%
partout.
22%
présageait
22%
répétait-
22%
secrétariat,
22%
serait
22%
servir
22%
soirées
22%
succès.
22%
suffisait
22%
venue.
22%
visage
22%
entendait-
11%
expliquer
11%
formidable
11%
fréquentait
11%
inaperçue,
11%
indifférent.
11%
laissait
11%
manquait
11%
passée
11%
produisait
11%
sentait.
11%

Distribution des résultats

Percentile par nombre de réponses

% des personnes avec chaque résultat

Votre développement - résultats

Vous n’avez pas pris ce quiz